Normal view
MARC view
- Midwifery Obstetrics & Gynecology
Entry Topical Term
001 - CONTROL NUMBER
- control field: 213590
003 - CONTROL NUMBER IDENTIFIER
- control field: OSt
005 - DATE AND TIME OF LATEST TRANSACTION
- control field: 20251008154025.0
008 - FIXED-LENGTH DATA ELEMENTS
- fixed length control field: 251008|| aca||aabn | a|a d
040 ## - CATALOGING SOURCE
- Original cataloging agency: OSt
- Transcribing agency: OSt
150 ## - HEADING--TOPICAL TERM
- Topical term or geographic name entry element: Midwifery Obstetrics & Gynecology
670 ## - SOURCE DATA FOUND
- Source citation: Work cat.: (OSt)367838: Bhaskar, Nilima 213167, A Textbook of Midwifery Obstetrics and Gynecology (OBG) Nursing-I , 2025